Cinema tedesco : dal Gabinetto del dottor Caligari a Hitler /
Guardado en:
| Autor principal: | |
|---|---|
| Otros Autores: | , , , |
| Formato: | Libro |
| Lenguaje: | italiano |
| Publicado: |
Milano :
A. Mondadori,
1977
|
| Colección: | Oscar saggi ;
10 |
| Materias: | |
| Etiquetas: |
Sin Etiquetas, Sea el primero en etiquetar este registro!
|
MARC
| LEADER | 00000nam a22000007i 4500 | ||
|---|---|---|---|
| 001 | IT\ICCU\SBL\0238413 | ||
| 003 | ItRI | ||
| 005 | 20260115232303.0 | ||
| 008 | 910930s1977 it |||||| ||||| |||||c | ||
| 015 | |2 IT |a 794374 | ||
| 040 | |b ita |c importazione bologna sebina | ||
| 041 | 7 | |a ita |2 ISO-639-2 | |
| 082 | |a 791.43 |9 CINEMATOGRAFO |2 18 | ||
| 100 | 1 | |a Kracauer, Siegfried |0 IT\ICCU\CFIV\036690 |4 aut | |
| 240 | 1 | 0 | |a From Caligari to Hitler : a psychologycal history of the German film |3 IT\ICCU\SBL\0238414 |9 Kracauer, Siegfried |
| 245 | 1 | 0 | |a Cinema tedesco : |b dal Gabinetto del dottor Caligari a Hitler / |c Siegfried Kracauer ; nota introduttiva di Morando Morandini ; traduzione dall'inglese di Giuliana Baracco, Carlo Doglio e Ettore Capriolo. |
| 260 | |a Milano : |b A. Mondadori, |c 1977 | ||
| 300 | |a XV, 379 p., [16] c. di tav. : |b ill. ; |c 19 cm | ||
| 500 | |a In appendice: La propaganda e il cinema di guerra nazista. | ||
| 650 | 7 | |a Cinematografo |x Germania |x 1895-1933 |2 scbi | |
| 700 | 1 | |a Capriolo, Ettore, |d (1926-2013) |0 IT\ICCU\CFIV\014193 | |
| 700 | 1 | |a Morandini, Morando, |d (1924-2015) |0 IT\ICCU\CFIV\046673 |4 aui | |
| 700 | 1 | |a Baracco, Giuliana |0 IT\ICCU\RAVV\040448 | |
| 700 | 1 | |a Doglio, Carlo |0 IT\ICCU\RAVV\058928 | |
| 790 | 1 | |a Morandini, Morando Sr. |3 IT\ICCU\CFIV\263201 |z Morandini, Morando (1924-2015) | |
| 790 | 0 | |a Alichino |3 IT\ICCU\CFIV\357597 |z Morandini, Morando (1924-2015) | |
| 790 | 1 | |a Baracco De Carlo, Giuliana |3 IT\ICCU\TSAV\316602 |z Baracco, Giuliana | |
| 790 | 1 | |a De Carlo, Giuliana |3 IT\ICCU\TSAV\317199 |z Baracco, Giuliana | |
| 830 | 0 | |a Oscar saggi ; |v 10 |0 IT\ICCU\CFI\0000434 | |
| 942 | |2 ddc |c BK |n 0 | ||
| 952 | |0 0 |1 0 |4 0 |6 DOC_791_430000000000000_KRA |7 0 |9 23605 |a BO |b BO |d 2026-01-15 |i 1098 |l 0 |o DOC 791.430 KRA |p BO1098 |r 2026-01-15 23:23:03 |w 2026-01-15 |x [Sebina 5] [1 v.] |y BK |z 1 v. (2. copia) | ||
| 952 | |0 0 |1 0 |4 0 |6 DOC_791_430000000000000_KRA |7 0 |9 23606 |a BO |b BO |d 2026-01-15 |i 9762 |l 0 |o DOC 791.430 KRA |p BO9762 |r 2026-01-15 23:23:03 |w 2026-01-15 |x [Sebina 5] [1 v.] |y BK |z 1 v. | ||
| 999 | |c 20102 |d 20102 | ||